Il giardiniere spagnolo /

Salvato in:
Dettagli Bibliografici
Autore principale: Cronin, Archibald Joseph
Natura: Libro
Tags: Aggiungi Tag
Nessun Tag, puoi essere il primo ad aggiungerne!!

MARC

LEADER 00000nam a22000007i 4500
001 CDOM0000002558
003 mi
005 20250829134837.0
008 150724s1975 it |||||| ||||| |||||c
040 |c mi 
100 |a Cronin, Archibald Joseph 
245 1 |a Il giardiniere spagnolo /  |c Archibald Joseph Cronin 
942 |2 ddc  |c BK 
952 |0 0  |1 0  |2 ddc  |4 0  |7 0  |9 6059  |a MI  |b MI  |d 1987-12-21  |i 730  |l 0  |p CDOM730  |r 2025-07-13 16:28:00  |w 2025-07-13  |x ACQUISTO  |y BK 
999 |c 4838  |d 4838